000 01304nam a2200361Ia 4500
001 dia_5455
003 CHAP
005 20240124122502.0
007 ta
008 220117s1989 mx ade fr 001 0 spa d
040 _cCHAP
_amxchpua
090 _aT.C.76
_bP66 ETIPA
_c1989
245 1 0 _aMiconsa :
_bmaíz industrializado CONASUPO, pruducto harina de maíz nixtamalizado /
_ccoordinador Pedro Ponce Hernández ; colaboradores Araceli Baez Ramírez O...[et al.]
260 _aMéxico :
_bEl autor,
_c1989
300 _acerca 150 hojas :
_bilustraciones, gráficas, diagramas, tablas, planos
336 _2rdacontent
_atexto
_btxt
337 _2rdamedia
_asin medio
_bn
338 _2rdacarrier
_avolumen
_bnc
502 _aViaje de estudios
_b(ETIPA) --
_cUACh. Departamento de Ingeniería Agroindustrial,
_d1989
650 1 3 _aMaíz como alimento
_971108
650 1 3 _aNixtamalización
_981486
650 1 3 _aCorn
_9147463
650 1 3 _aNixtamalization
_9147913
700 1 _aPonce Hernández, Pedro
_9147918
_ecoordinador
700 1 _aBaez Ramírez O., Araceli
_9158655
_ecolaboradora
901 _aT.C.76 P66 ETIPA 1989
902 _aM
905 _a5132271989 mx ain 8222223322spa16
942 _2local
942 _cVE
999 _c176374
_d176374